Prueba rápida de matemáticas - prueba corta de matemáticas - Quiz 10 - Estadísticas

Estadísticas generales
  • Esta prueba ha sido intentada 98 veces
  • La puntuación promedio es 15 de 15
Estadísticas de respuestas
Hint Respuesta % Correcto
2 x 7 = 14
100%
3 x 7 = 21
100%
4 x 7 = 28
100%
5 x 7 = 35
100%
6 x 7 = 42
100%
7 x 7 = 49
100%
8 x 7 = 56
100%
1 x 7 = 7
100%
10 x 7 = 70
99%
11 x 7 = 77
99%
12 x 7 = 84
99%
9 x 7 = 63
98%
13 x 7 = 91
97%
14 x 7 = 98
95%
15 x 7 = 105
93%
No se encontraron pruebas coincidentes
Distribución de puntuación
Porcentaje de gente con cada puntuación
Porcentaje por número respondido
Historial de tus puntuaciones
No has intentado esta prueba.